Využitie zdrojov pre chov rýb

Podrobná bibliografia
Hlavný autor: Kirka, Anton, 1932-2018 (Autor)
Médium: Článok
Jazyk:slovenčina
Predmet:

MARC

LEADER 00000nab a2200000 a 4500
001 vtls000041213
003 SK-MaSNL
005 20260305030630.0
008 250422c1979 xo 0 slo
015 |a SNBRB19rr/mm-uuuuu 
035 |a CL0051308 
035 |a urn:nbn:sk:snk-abeiio 
035 |a (urnnbn)urn:nbn:sk:snk:ar-006y1o 
035 |a (uuid)059daa5e-5161-4571-801e-7d31ed73ef9d 
040 |a SNKBUCL  |b slo  |c SNKBUCL  |e AACR2 
041 0 |a slo 
044 |a xo  |c SK 
080 |a 639.2  |2 1981 
080 |a 574  |2 1981 
100 1 |a Kirka, Anton,  |d 1932-2018  |4 aut  |9 37023 
245 1 0 |a Využitie zdrojov pre chov rýb  |c Anton Kirka 
650 0 7 |a ryby  |2 snkbucl  |9 2750 
651 7 |a Východoslovenský kraj (Slovensko)  |2 snkbucl  |9 161537 
655 7 |a články z novín a časopisov  |2 snkbucl  |9 267496 
773 0 |t Poľovníctvo a rybárstvo  |g Roč. 31, č. 10 (1979), s. 37 
850 |a Slovenská národná knižnica 
852 |a Slovenská národná knižnica 
954 |a odborná, vedecká literatúra pôvodná (slovenská)  |2 lita 
958 |a article27 
958 |a RK 
958 |a MI 
958 |a OND 
958 |a EUIPO 
992 |a RBX 
999 |c 3312369  |d 3314299